Дело по вопросу Особенной канцелярии по кредитной части относительно применения циркуляра Главного выкупного учреждения от 18 ав...

Доступно только в Электронных читальных залах Найти на картеНа карте
RUSMARC
00003598nmc2a2200000 x 450
0014c92bdfc-197a-4bba-ab4b-f0b618a35af6
00520160105204810.0
100##$a20150310l18831884k l0rusy0189 ca
1010#$arus
102##$aRU
2001#$aДело по вопросу Особенной канцелярии по кредитной части относительно применения циркуляра Главного выкупного учреждения от 18 августа 1882 года за № 291 к особым взносам, представляемым государственными крестьянами
$j28 июля 1883 г. - 11 июня 1884 г.
251##$cДело
300##$aДело
801#0$aRU
$bРГИА
$c20150310
$gRCR
801#1$aRU
$bГлавНИВЦ
$c20150310
$2rusmarc
801#2$aRU
$bПБ им. Б.Н. Ельцина
$c20160105
$gRCR
$2rusmarc
850##$aРГИА
852##$aРГИА
$eФедеральное казенное учреждение "Российский государственный исторический архив" (РГИА)
$j1116
937##$hРГИА
$d11219402
$aASBIBLIO_SCAN
462#0$10013826a62a-52d3-408e-b545-2019664385f0
$12001
$a1861-1895 гг.
$1251
$cОпись
$1852
$j50
461#0$10018ef30ad5-ff5c-4840-a721-74c62a200f95
$12001
$aГлавное выкупное учреждение Министерства финансов
$1251
$cФонд
$1852
$j577
215##$a13 л.
$d36,5х26 см
371##$aДокумент не является опубликованным и широко распространяемым
105##$ay###
1222#$ad
035##$a4c92bdfc-197a-4bba-ab4b-f0b618a35af6
Формат отображения